تحميل...
Electron Microscope in Biology
| المؤلف الرئيسي: | |
|---|---|
| التنسيق: | Printed Book |
| منشور في: |
London
Edward Arnold
1968
|
| الطبعة: | 2 |
| LEADER | 00431nam a22001457a 4500 | ||
|---|---|---|---|
| 020 | |a 0713126116 | ||
| 082 | |a 502.825 |b GRI/EL | ||
| 100 | |a Grimstone,A V | ||
| 245 | |a Electron Microscope in Biology | ||
| 250 | |a 2 | ||
| 260 | |a London |b Edward Arnold |c 1968 | ||
| 300 | |a 65p. | ||
| 942 | |c BK | ||
| 999 | |c 10929 |d 10929 | ||
| 952 | |0 0 |1 0 |4 0 |6 502_825000000000000_GRI_EL |7 0 |8 NFIC |9 14290 |a KUFOS |b KUFOS |c GEN |d 2016-07-29 |o 502.825 GRI/EL |p 03142 |r 2016-07-29 |y BK | ||